Pridávanie kreatívnych grafických elementov v reálnom čase na zobrazenie tváre
Salvato in:
| Autore principale: | |
|---|---|
| Altri autori: | |
| Natura: | Manoscritto Libro |
| Lingua: | slovacco |
| Pubblicazione: |
2018
|
| Soggetti: | |
| Accesso online: | http://is.stuba.sk/zp/portal_zp.pl?podrobnosti=123327 |
| Tags: |
Nessun Tag, puoi essere il primo ad aggiungerne!!
|
MARC
| LEADER | 00000ntm a22000003a 4500 | ||
|---|---|---|---|
| 001 | stuzp67329 | ||
| 003 | SK-STU | ||
| 005 | 20181203141158.7 | ||
| 007 | ta | ||
| 008 | 150427s2015----xo-----f-mn---000-0-slo-d | ||
| 040 | |a STU |b slo | ||
| 041 | 0 | |a slo | |
| 044 | |a xo | ||
| 100 | 1 | |a Lovász, Matej |u 035000 |4 aut |U FEI Fakulta elektrotechniky a informatiky |T FEI Ústav informatiky a matematiky |X 80006 |U E050 |Y 816 |7 80006 | |
| 242 | 0 | 1 | |a Enhancing faces with creative graphical elements in real time |y eng |
| 245 | 1 | 0 | |a Pridávanie kreatívnych grafických elementov v reálnom čase na zobrazenie tváre |
| 260 | |c 2018 | ||
| 300 | |a 32 s., CD-ROM | ||
| 650 | 4 | |a Viola and Jones |2 eng | |
| 650 | 4 | |a Mobile Vision API |2 eng | |
| 650 | 4 | |a OpenCV |2 eng | |
| 650 | 4 | |a face detection |2 eng | |
| 650 | 4 | |a Viola a Jones |2 slo | |
| 650 | 4 | |a Mobile Vision API |2 slo | |
| 650 | 4 | |a OpenCV |2 slo | |
| 650 | 4 | |a detekcia tváre |2 slo | |
| 700 | 1 | |a Drozda, Martin |u 035000 |k Z1 |4 ths |U FEI Fakulta elektrotechniky a informatiky |T FEI Ústav informatiky a matematiky |X 71006 |U E050 |Y 816 |7 A000071006 | |
| 856 | 4 | |u http://is.stuba.sk/zp/portal_zp.pl?podrobnosti=123327 | |
| 996 | |b 284ER02824 |c E*Bc- 2824 |l EE35 |s P |a 0 |w stuzp67329_0001 | ||